000 00520nam a2200169Ia 4500
008 090201s9999 xx 000 0 und d
010 _aKPL-17898
040 _bमराठी
041 _aमराठी
082 _a9602
_b17898
100 _aज्योत्स्ना देवधर
245 _aआकाशी
_cज्योत्स्ना देवधर
260 _c2004
_bअनुपम प्रकाशन
300 _a194
_bमोठा
600 _aआकाशी
942 _cBOOK
999 _c210107
_d210107